000 00870nam a2200241Ia 4500
003 OSt
005 20220923215154.0
006 a|||||r|||| 00| 0
007 ta
008 220922b |||||||| |||| 00| 0 hin d
024 _a176,318
037 _cTextual
040 _aARTS
_cARTS
_bhin
041 _2hin
_ahin
082 _aY:351.252, 152L8
100 _aपाण्डेय, जगदीश, संपा.
245 0 _aअवधी साहित्य
_b सर्वेक्षण और समीक्षा
246 _aAvadhī sāhitya: sarvekṣhaṇ aur samīkṣhā
260 _aइलाहाबाद
_b लोक साहित्य संस्थान
_c1978
300 _a124 पृ.
_ccm.
942 _hY:351.252, 152L8
_cTEXL
_2CC
999 _c329868
_d329868